Statistics for The Oldest Living NBA Players who lead a team in all-time rebound

Click here to take the quiz!

General Stats

  • This quiz has been taken 4 times
  • The average score is 2 of 10

Answer Stats

AgePlayer% Correct
76Kareem Abdul-Jabbar
75%
60Hakeem Olajuwon
50%
60Karl Malone
25%
60Michael Jordan
25%
61Patrick Ewing
25%
69Alvan Adams
0%
66Bill Laimbeer
0%
90Bob Pettit
0%
63Buck Williams
0%
67Jack Sikma
0%

Score Distribution

Percentile by Number Answered

Percent of People with Each Score

Your Score History

You have not taken this quiz